000 02625naa a2200373 4500
005 2009060204474.0
008 080820t xxu||||| |||| 00| 0 eng d
010 _aENG-93833
020 _a9780198060239
_c695.00
020 _a0198060238
_c695.00
035 _aEN-77366
035 _aB-360785-790
037 _bDBAD / PUB
037 _bUppal Book Store
040 _adpl
_bEnglish
082 _a891.462
100 _aAlekar, Satish
245 _aCollected plays of Satish Alekar:
_c with introductions by Samik Bandyopadhyay
_bThe dread departure, Deluge, The Terrorist, Dynasts, Begum Barve, Mickey and the memsahib /
260 _aNew Delhi
_bOxford University
_c2009
270 _aYMCA Library Building, Jai Singh Road,
_bNew Delhi
_e110001
300 _a422p., [16]p. of plates :
_c24cm(Hb)
_bill
600 _aAlekar, Satish, 1949-
_vTranslation into English
650 _aMarathi plays
_vTranslation into English
700 _aBandyopadhyay, Samik
942 _adpl
_cEN
_2ddc
_mALE
_h891.462
999 _c27136
_d27136